000 00839nam0a22002891 4500
001 2561030
005 20251118181725.1
021 _aRU
_b79-16847
035 _a(NLR Aleph) 006446170
090 _a5691038
_c5691038
100 _a20110316d1979 u y0rusy50 ca
101 1 _arus
_aspa
_crus
102 _aRU
105 _ay z |||||
200 1 _aLa "energostenia" del siglo XX
_fBoris Rachkov
210 _aMoscú
_cEd. de la Agencia de prensa Nóvosti
_d1979
215 _a75 с.
_d17
225 1 _aPunto de vista sovietico
686 _aУ50-554-971,0
_2rubbk
686 _aТ3(0)63-231Энерг.,02
_2rubbk
700 1 _aРачков
_bБ.В.
_gБорис Васильевич
801 0 _aRU
_bNLR
_gpsbo
801 1 _aRU
_bELAR
_2rusmarc
852 _aNLR
_jDesideratum
899 _aRuMoRGB
_jM 79-14/124
942 _cBOOK
980 _aNB